<?xml version="1.0" encoding="UTF-8"?>
<record
    xmlns:xsi="http://www.w3.org/2001/XMLSchema-instance"
    xsi:schemaLocation="http://www.loc.gov/MARC21/slim http://www.loc.gov/standards/marcxml/schema/MARC21slim.xsd"
    xmlns="http://www.loc.gov/MARC21/slim">

  <leader>01713agaaa2200337   4500</leader>
  <controlfield tag="001">3074</controlfield>
  <controlfield tag="003">IT-RoPAU</controlfield>
  <controlfield tag="005">20220918181235.0</controlfield>
  <controlfield tag="007">d cvaizq</controlfield>
  <controlfield tag="008">50131s9999||||xx ||| |     ||   ||und||</controlfield>
  <datafield tag="040" ind1=" " ind2=" ">
    <subfield code="a">IT-RoPAU</subfield>
    <subfield code="c">IT-RoPAU</subfield>
  </datafield>
  <datafield tag="041" ind1=" " ind2=" ">
    <subfield code="a">ITALIANO</subfield>
  </datafield>
  <datafield tag="100" ind1=" " ind2=" ">
    <subfield code="a">Allen Woody</subfield>
    <subfield code="g">Codice regista SPICS: 9980</subfield>
    <subfield code="9">42468</subfield>
  </datafield>
  <datafield tag="130" ind1=" " ind2=" ">
    <subfield code="a">RADIO DAYS</subfield>
    <subfield code="9">42469</subfield>
  </datafield>
  <datafield tag="240" ind1=" " ind2=" ">
    <subfield code="a">RADIO DAYS</subfield>
    <subfield code="g">T1269</subfield>
  </datafield>
  <datafield tag="245" ind1=" " ind2=" ">
    <subfield code="a">RADIO DAYS</subfield>
    <subfield code="c">Prodotto da: Rollins Joffe -- Sceneggiatura: Allen Woody -- Diretto da: Allen Woody</subfield>
    <subfield code="p">RADIO DAYS (Rif. Codice opera principale : 83074)</subfield>
  </datafield>
  <datafield tag="246" ind1=" " ind2=" ">
    <subfield code="a">RADIO DAYS</subfield>
  </datafield>
  <datafield tag="250" ind1=" " ind2=" ">
    <subfield code="a">Edizione Standard</subfield>
  </datafield>
  <datafield tag="260" ind1=" " ind2=" ">
    <subfield code="a">(USA)</subfield>
    <subfield code="b">ORION PICTURES / Distribuzione: RAI TRE</subfield>
    <subfield code="g">"1987 (1&#xB0; ed.: 1989 ; Ed. Lingua Orig.: 1987)"</subfield>
  </datafield>
  <datafield tag="300" ind1=" " ind2=" ">
    <subfield code="a">VHS</subfield>
    <subfield code="b">sonoro, col.</subfield>
    <subfield code="c">88 minuti</subfield>
  </datafield>
  <datafield tag="508" ind1=" " ind2=" ">
    <subfield code="a">"Fotografia: Di Palma Carlo; Montaggio: Morse Susan E.; Musica: Hyman Dick; Sceneggiatura: Allen Woody; Scenografia: Loquasto Santo; "</subfield>
  </datafield>
  <datafield tag="511" ind1=" " ind2=" ">
    <subfield code="a">"Farrow Mia; Green Seth; Kavner Julie; Mostel Josh; Wiest Dianne; Lionello Oreste"</subfield>
  </datafield>
  <datafield tag="520" ind1=" " ind2=" ">
    <subfield code="a">"NOSTALGIA E DIVERTITA RIEVOCAZIONE DI UNO SPACCATO DI VITA NELL'AMERICA DEI ""RADIO DAYS"" TRA LA FINE DEGLI ANNI '30 E I PRIMI ANNI '40: RACCONTI, ANEDDOTI, PICCOLE STORIE VISSUTE SOPRATTUTTO ATTRAVERSO GLI OCCHI DI JOE ALTERGO IN PANTALONI CORTI DELLO STESSO REGISTA ED AUTORE DEL FILM FILM A COLORI"</subfield>
  </datafield>
  <datafield tag="538" ind1=" " ind2=" ">
    <subfield code="a">PAL, STEREO</subfield>
  </datafield>
  <datafield tag="546" ind1=" " ind2=" ">
    <subfield code="a">ITALIANO</subfield>
  </datafield>
  <datafield tag="650" ind1=" " ind2=" ">
    <subfield code="a">COMMEDIA</subfield>
    <subfield code="e">FILMS [VHS]</subfield>
    <subfield code="x">Codice MATERIA SPICS: 9960</subfield>
    <subfield code="9">42470</subfield>
  </datafield>
  <datafield tag="700" ind1=" " ind2=" ">
    <subfield code="a">Allen Woody </subfield>
    <subfield code="e">(regista)</subfield>
    <subfield code="g">Codice regista SPICS: 9980</subfield>
    <subfield code="9">42471</subfield>
  </datafield>
  <datafield tag="700" ind1=" " ind2=" ">
    <subfield code="a">Allen Woody </subfield>
    <subfield code="e">(soggetto)</subfield>
    <subfield code="g">Codice Soggetto SPICS: 9980</subfield>
    <subfield code="9">42472</subfield>
  </datafield>
  <datafield tag="700" ind1=" " ind2=" ">
    <subfield code="a">Hyman Dick</subfield>
    <subfield code="e">(musica)</subfield>
    <subfield code="g">Codice Musica SPICS: 26363</subfield>
    <subfield code="9">42473</subfield>
  </datafield>
  <datafield tag="942" ind1=" " ind2=" ">
    <subfield code="c">VH</subfield>
    <subfield code="2">ddc</subfield>
  </datafield>
  <datafield tag="999" ind1=" " ind2=" ">
    <subfield code="c">105628</subfield>
    <subfield code="d">105628</subfield>
  </datafield>
  <datafield tag="952" ind1=" " ind2=" ">
    <subfield code="0">0</subfield>
    <subfield code="1">0</subfield>
    <subfield code="4">0</subfield>
    <subfield code="6">83074_000000000000000</subfield>
    <subfield code="7">1</subfield>
    <subfield code="a">SPICS</subfield>
    <subfield code="b">SPICS</subfield>
    <subfield code="d">2015-01-31</subfield>
    <subfield code="l">0</subfield>
    <subfield code="o">83074</subfield>
    <subfield code="r">2015-01-31 00:00:00</subfield>
    <subfield code="w">2015-01-31</subfield>
    <subfield code="y">VH</subfield>
    <subfield code="z">Progr. Ins.: 2595 / N.Vol.:1 / Copie: 1 / Pag.:0 / Copia rara: n.d. / date import: 1.2.2015 / By Epidotti, Trombetti, Vaglietti</subfield>
  </datafield>
</record>
